00889cam a2200205 i 450000100100000000500170001000800410002704000250006808200170009310000480011024500470015826000530020530000340025850000420029250400190033450500240035395201130037795201780049099900150066800000500420200929151545.0790507m1977 ve ac b 001 p spa  aDO-SdBNPbspacBNPHU axxxbA795ó1 aArvelo Larriva, Alfredo,d1883-1934.91443110aObras completas /cAlfredo Arvelo Larriva. aCaracas :bPresidencia de la República,c1977. a2 v. :bil., retrs. ;c23 cm. aIncluye notas al pie de las páginas aBibliografía0 a1-2. Verso y prosa. 001052728MOaGRbGRcBDd2009-07-28iLF1l0ov. 1p5004-10r2020-06-25w2020-06-25y2ZPréstamo interno 001052708MOaGRbGRcCTd2009-10-05iLF1l0ov. 3p5004-20r2020-06-25w2020-06-25y2zPerteneció a la biblioteca personal de Germán Emilio Ornes.ZPréstamo interno c4810d4810